Makroekonomiczne uwarunkowania koniunktury na polskim rynku akcji w swietle doswiadczen miedzynarodowych

Salvato in:
Dettagli Bibliografici
Autore principale: Lon, Eryk
Natura: Libro
Lingua:polacco
Pubblicazione: Poznan Wydawnictwo Akademii Ekonomicznej w Poznaniu 2006
Serie:Prace habilitacyjne 23
Soggetti:
Tags: Aggiungi Tag
Nessun Tag, puoi essere il primo ad aggiungerne!!

MARC

LEADER 00000nam$a2200000$$$4500
001 0041354
005 20240318120333.5
020 |a 83-7417-135-9 
022 |a 1642-3119 
041 0 |a pol 
044 |a PL 
245 1 0 |a Makroekonomiczne uwarunkowania koniunktury na polskim rynku akcji w swietle doswiadczen miedzynarodowych  |c Eryk Lon 
264 1 |a Poznan  |b Wydawnictwo Akademii Ekonomicznej w Poznaniu  |c 2006 
300 |a 296 s. 
490 1 |a Prace habilitacyjne  |v 23 
830 0 |a Prace habilitacyjne  |v 23 
610 2 0 |a makroekonomika 
610 2 0 |a konjunktúra 
610 2 0 |a akcie 
610 2 0 |a trh burzový 
610 2 0 |a burzovníctvo 
610 2 0 |a analýzy 
610 2 0 |a peniaze 
610 2 0 |a strany politické 
610 2 0 |a prognózovanie 
610 2 0 |a Poľsko 
610 2 0 |a USA 
100 1 |a Lon, Eryk